| 000 | 01349nam a2200385 a 4500 | ||
|---|---|---|---|
| 999 |
_c142478 _d142478 |
||
| 003 | BLK | ||
| 005 | 20240730162815.0 | ||
| 008 | 180409b bul|||||r ||||||| ||bul|| | ||
| 010 | _aKNG00148571000 | ||
| 040 | _aBLK | ||
| 041 |
_aBUL _cBUL |
||
| 072 | 7 |
_2bullib _aЯ _xАвтографи |
|
| 072 | 7 |
_2bullib _aРА _xРусенски автори |
|
| 072 | 7 |
_2bullib _aК _xКраезнание |
|
| 080 |
_aБългарска литература _b821.163.2 _x-1 _z821.163.2-1 |
||
| 100 |
_aСокерова, Юлиана Манчева _d1951 - 2013 _gРусенска поетеса _9327635 |
||
| 139 |
_aСокерова, Юлиана _bС 50 |
||
| 245 | 1 | 0 |
_aНебесни корени _bЛирика _cЮлиана Сокерова; рис. Антоний Софев. |
| 257 | _aBGR | ||
| 260 |
_aРусе _c1992 _fРусе : Дунав-прес |
||
| 300 |
_a64 с. _c18 см |
||
| 380 | _aX | ||
| 659 | _aК | ||
| 659 | _aЯ | ||
| 700 | 1 |
_aСофев, Антоний Димитров _d1958 - _eрис. _9122352 |
|
| 852 | _aЦб 168988 | ||
| 852 | _aК 821.163.2/С 50 Ю | ||
| 856 | 4 |
_qpdf _i0.00 _ldisable |
|
| 856 | 4 |
_qpdf _i0.00 _ldisable |
|
| 942 |
_cKNG _n0 _s1 |
||
| 944 |
_aCR _c06.08.2013 _k30560 _lГеновева Генчева |
||
| 944 |
_aED _c11.08.2016 _kВася_Ганчева |
||
| 999 | _d142478 | ||
| 999 | _d142478 | ||